Enigmas of chance : an autobiography
Αποθηκεύτηκε σε:
| Κύριος συγγραφέας: | |
|---|---|
| Μορφή: | Βιβλίο |
| Γλώσσα: | English |
| Δημοσίευση: |
Berkeley :
University of California Press,
1987.
|
| Θέματα: | |
| Ετικέτες: |
Προσθήκη ετικέτας
Δεν υπάρχουν, Καταχωρήστε ετικέτα πρώτοι!
|
MARC
| LEADER | 00000nam a2200000 a 4500 | ||
|---|---|---|---|
| 001 | 1/126245 | ||
| 008 | 230308t1987####cau| ||| |||| ||eng|| | ||
| 020 | |a 0520059867 | ||
| 040 | |a GR-MyUa |b gre |c GR-MyUa |e AACR2 | ||
| 041 | 0 | |a eng | |
| 082 | 7 | |a 510.92 |2 (23) | |
| 100 | 1 | |a Kac, Mark. | |
| 245 | 1 | 0 | |a Enigmas of chance : |b an autobiography / |c Mark Kac. |
| 260 | |a Berkeley : |b University of California Press, |c 1987. | ||
| 300 | |a xxvii, 163 σ. ; |c 21 εκ. | ||
| 504 | |a Περιέχει ευρετήριο. | ||
| 650 | 0 | |a Mathematicians |z United States |x Biography. | |
| 600 | 1 | 0 | |a Kac, Mark. |
| 767 | 0 | 8 | |i Μεταφρασμένο ως: |t Αινίγματα της τύχης |
| 767 | 0 | 8 | |t Αινίγματα της τύχης / |
| 852 | |a INST |b SAMOS |e 20230308 |h 510.92 KAC |p 005300048112 |q 005300048112 |t BK |y 0 | ||
| 970 | |a Γουβάλα |b Βάσω |z 08-03-2023 | ||